00254 a2200109 4500001000700000020000600007040001100013100000600024240005500030245005000085362000900135164237 a  cMagnum a-10aO guarda do parque: uma jornada pela naturezalpor10aO guarda do parque: uma jornada pela natureza0 a1899